[Event "Hamburg St Pauli op-B"]
[Site "Hamburg"]
[Date "2013.07.06"]
[Round "1"]
[White "Pajeken, Jakob Leon"]
[Black "Niknam Maleki, Aryan"]
[Result "1-0"]
[WhiteElo "1696"]
[BlackElo "1288"]
[PlyCount "37"]
[EventDate "2013.07.06"]
[EventType "swiss"]
[EventRounds "9"]
[EventCountry "GER"]
[SourceTitle "EXT 2014"]
[Source "ChessBase"]
[SourceDate "2013.11.20"]
[SourceVersion "1"]
[SourceVersionDate "2013.11.20"]
[SourceQuality "1"]

1. e4 c5 2. Nf3 d6 3. d4 cxd4 4. Nxd4 Nf6 5. Nc3 a6 6. Be2 e5 7. Nb3 Be6 8. f4 g6 9. 0-0 Qc7 10. f5 Bc4 11. fxg6 Bxe2 12. Qxe2 Bg7 13. Nd5 Qd8 14. gxf7+ Kxf7 15. Nxf6 Bxf6 16. Qh5+ Kg7 17. Bh6+ Kg8 18. Qf5 Nd7 19. Qe6# 1-0